000 00767nam a2200253 a 4500
001 BRCA_5080
005 20190320204929.0
008 081010d1955----ve-a######---#000-0#spa-#
041 _aspa
044 _ave
050 4 _aAP63
_b.R48 2 1955
245 1 0 _aRevista Shell.
260 _aVenezuela
_bCompañía Shell de Venezuela
_c1955
300 _a79 p.
_bil. (algunas a color)
_c30 cm.
500 _aAño 4, No. 16 septiembre, 1955
500 _aRevista inventariada por Banco de México como libro
500 _aVer también CFG52
500 _aDD36
650 1 4 _aFolclor
_vRevistas
_zVenezuela
_912057
651 4 _aVenezuela
_vRevistas
_xHistoria
_912058
651 4 _aVenezuela
_vRevistas
_xVida social y costumbres
_912059
902 _aGFM
942 _2lcc
_cB
999 _c4774
_d4774